zpět

Detail výsledku týmu

Meziprostor, České Budějovice

Datum a čas kvízu

28 Celkem bodů Celkový počet nahraných bodů na tomto kvízu bez doplňovacích otázek.
3. Pořadí na kvízu Konečné umístění týmu na tomto kvízu.

Zaznamenané odpovědi

# Otázka Odpověď Body Výsledky
1. Minulý týden napadli hackeři f... dopravy 0
2. Jeden polský autobusový doprav... Hel 0
3. Minulý týden došlo k útěku dev... Děčín, makak 1
4. Ve středu oznámil český minist... Zdeněk Nekula, Marek Výborný 1
5. Který tým získal minulý týden... Denver (Nuggets) 1
6. V následujících otázkách se bu... Pangea, Gondwanu 1
7. Seřaďte následující minerály p... 1C 2D 3A 4B 1
8. Která vyvřelá hornina, běžně n... čedič (bazalt) 0
9. Součástí geologických věd je t... na Islandu, v Norsku 0.5
10. Jak se nazývá nejmladší geolog... holocén 0